00762cam a2200229 a 4500001000800000005001700008008004100025010001700066020003800083040001800121041000800139080001500147082001900162100000700181101000800188245009700196504005100293906004500344942001200389999001700401952011400418254203420180306032302.0940826s1995 mnua b 001 0 eng  a 94024711  a0314044671 (recycled, alk. paper) aDLCcDLCdDLC aeng a612.39 GRO00a612.39 GRO2201 a10 aNUT10aAdvanced nutrition and human metabolism /cJames L. Groff, Sareen S. Gropper, Sara M. Hunt. aIncludes bibliographical references and index. a7bcbccorignewd1eocipf19gy-gencatlg 2ddccBK c44115d44115 00102udc40708PËKGa002b002cPËKGd2018-03-06l0o612.39 GROp002-3001224r2018-03-06w2018-03-06yBK